Normal view
MARC view
- العلاقات داخل الاسرة-الحقوق الاسرية-التفكك الاسري-المشاكل الاجتماعية
Entry Topical Term
001 - CONTROL NUMBER
- control field: 61533
003 - CONTROL NUMBER IDENTIFIER
- control field: JO-AjAnu
005 - DATE AND TIME OF LATEST TRANSACTION
- control field: 20230606084044.0
008 - FIXED-LENGTH DATA ELEMENTS
- fixed length control field: 230606|| aca||aabn | a|a d
040 ## - CATALOGING SOURCE
- Original cataloging agency: JO-AjAnu
- Transcribing agency: JO-AjAnu
150 ## - HEADING--TOPICAL TERM
- Topical term or geographic name entry element: العلاقات داخل الاسرة-الحقوق الاسرية-التفكك الاسري-المشاكل الاجتماعية
670 ## - SOURCE DATA FOUND
- Source citation: Work cat.: (JO-AjAnu)31386: تأليف سامي، هاجر, author 61532, المشكلات الاسرية والصمت الزوجي